[Event "ch-FIN 2017"]
[Site "Helsinki FIN"]
[Date "2017.06.16"]
[Round "5.4"]
[White "Sipila,V"]
[Black "Niemi,K"]
[Result "1-0"]
[WhiteElo "2415"]
[BlackElo "2331"]

1.e4 c6 2.d4 d5 3.e5 Bf5 4.Nf3 e6 5.Be2 Ne7 6.O-O Nd7 7.Nbd2 Nc8 8.Nb3 Be7
9.Be3 O-O 10.Ne1 f6 11.f4 fxe5 12.dxe5 c5 13.g4 Be4 14.Nd2 Bg6 15.Ng2 Ncb6
16.Bf2 c4 17.Nf3 Nc5 18.Nd4 Qd7 19.Be3 Kh8 20.f5 exf5 21.gxf5 Rxf5 22.Nxf5
Bxf5 23.Bd4 Rc8 24.Ne3 Be6 25.Bg4 Rc6 26.Kh1 Ne4 27.Bxb6 Bxg4 28.Qxg4 Qxg4
29.Nxg4 Rxb6 30.Ne3 Bc5 31.Nxd5 Re6 32.Nc3 Nf2+ 33.Kg2 Rg6+ 34.Kf3 Ng4 35.Ke4
Nxh2 36.Kd5 Nxf1 37.Rxf1 b6 38.Ne4 Kg8 39.Nxc5 bxc5 40.e6 Rf6 41.Rxf6 gxf6
42.Kd6 {#r} 1-0

[Event "ch-FIN 2017"]
[Site "Helsinki FIN"]
[Date "2017.06.17"]
[Round "6.1"]
[White "Virtanen,Teemu"]
[Black "Niemi,K"]
[Result "1-0"]
[WhiteElo "2141"]
[BlackElo "2331"]

1.e4 e5 2.Nf3 Nc6 3.Bc4 Nf6 4.d3 Be7 5.Nc3 d6 6.a3 O-O 7.h3 Na5 8.Ba2 c5 9.O-O
h6 10.Be3 Nc6 11.Nh2 Be6 12.Nd5 Nd7 13.c3 Kh7 14.b4 Bg5 15.b5 Na5 16.f4 exf4
17.Bxf4 Ne5 18.Kh1 Rc8 19.Bxg5 Qxg5 20.Nf4 Bxa2 21.Rxa2 Ng6 22.Raf2 c4 23.Qa4
b6 24.d4 Rce8 25.Qc2 Nxf4 26.Rxf4 Kg8 27.a4 Re7 28.Qf2 Qg6 29.Rg4 Qh7 30.Qf4
Nb7 31.Nf3 f5 32.exf5 Qxf5 33.Qg3 Qd3 34.Re1 Ref7 35.Re6 h5 36.Rg5 Qxc3
37.Reg6 Qc1+ 38.Ng1 {#r} 1-0

[Event "ch-FIN 2017"]
[Site "Helsinki FIN"]
[Date "2017.06.18"]
[Round "7.1"]
[White "Maki Uuro,Mi"]
[Black "Virtanen,Teemu"]
[Result "0-1"]
[WhiteElo "2337"]
[BlackElo "2141"]

1.d4 d6 2.e4 Nf6 3.Nc3 Nbd7 4.Nf3 e5 5.g4 Nxg4 6.Rg1 Ngf6 7.Be3 c6 8.Qd2 Qe7
9.O-O-O g6 10.Bc4 Bg7 11.dxe5 dxe5 12.Ng5 O-O 13.a3 Nb6 14.Ba2 Ng4 15.Bxb6
axb6 16.Nxf7 Rxf7 17.Qd8+ Bf8 18.Rxg4 Bxg4 19.Qxa8 Bxd1 20.Nxd1 Kg7 21.Bxf7
Kxf7 22.Kb1 Qd7 23.Ne3 b5 24.Qb8 Bg7 25.a4 bxa4 26.Qa7 Bh6 27.Nc4 Bf4 28.h3
Kf6 29.Qc5 h5 30.h4 Qe7 31.Qb6 g5 32.Ne3 Bxe3 33.Qxe3 Kg6 34.hxg5 Qxg5 35.Qh3
Qg1+ 36.Ka2 Qxf2 {#R} 0-1

[Event "ch-FIN TB 2017"]
[Site "Helsinki FIN"]
[Date "2017.06.18"]
[Round "1"]
[White "Virtanen,Teemu"]
[Black "Karttunen,M"]
[Result "1-0"]
[WhiteElo "2141"]
[BlackElo "2465"]

1.c4 Nf6 2.Nc3 g6 3.g3 Bg7 4.Bg2 O-O 5.Nf3 d6 6.O-O c6 7.Rb1 Bf5 8.d3 Qc8
9.Re1 Bh3 10.Bh1 h6 11.e4 Nbd7 12.b4 e5 13.d4 exd4 14.Nxd4 Ne5 15.Qe2 Be6
16.Nxe6 Qxe6 17.c5 Nc4 18.Bf3 b5 19.cxb6 Nd7 20.b7 Rab8 21.Qc2 Rxb7 22.Be2
Rfb8 23.b5 cxb5 24.Rxb5 Ndb6 25.Nd5 Rc8 26.Qb3 Qxe4 27.Ne3 Rbc7 28.Rb4 d5
29.Rd1 a5 30.Rb5 a4 31.Qb4 d4 32.Bxc4 Nxc4 33.Nd5 Qf3 34.Re1 Bf8 35.Qxa4 Nd6
36.Nxc7 Rxc7 37.Rb8 Rc4 38.Qa8 Qxa8 39.Rxa8 Kg7 40.Ba3 Nc8 41.Re8 Bxa3
42.Rexc8 Rxc8 43.Rxc8 Kf6 44.Rd8 Ke5 45.Kf1 Be7 46.Rd7 Ke6 47.Rxd4 {#r} 1-0

[Event "ch-FIN TB 2017"]
[Site "Helsinki FIN"]
[Date "2017.06.18"]
[Round "2"]
[White "Karttunen,M"]
[Black "Virtanen,Teemu"]
[Result "0-1"]
[WhiteElo "2465"]
[BlackElo "2141"]

1.e4 c5 2.Nc3 a6 3.Nf3 Nc6 4.g3 g6 5.Bg2 Bg7 6.O-O e6 7.d3 Nge7 8.Be3 Nd4
9.Qd2 h6 10.Nd1 d5 11.Ne1 Qd6 12.c3 Ndc6 13.Qc1 b6 14.Bf4 Qd7 15.Nf3 Bb7
16.Rb1 Rd8 17.h4 Rc8 18.Re1 Kf8 19.e5 Kg8 20.Ne3 Nf5 21.Ng4 Qe7 22.Qd2 Kh7
23.Bh3 Rhd8 24.Kg2 b5 25.Rh1 d4 26.c4 bxc4 27.dxc4 Nb4 28.Nh2 Nxa2 29.Rhe1 Nb4
30.Kg1 d3 31.Bg2 Nc2 32.Red1 Ncd4 33.b4 cxb4 34.Rxb4 Ba8 35.Ra4 Ne2+ 36.Kh1
Qa7 37.Rf1 Nxf4 38.Qxf4 d2 39.Nxd2 Rd4 40.Ne4 Qc7 41.Ng4 Kh8 42.Rxa6 Bxe4
43.Bxe4 Qxc4 {#R} 0-1

[Event "Silver Lake Open 2017"]
[Site "Veliko Gradiste SRB"]
[Date "2017.06.18"]
[Round "1.1"]
[White "Cvetkovic,N"]
[Black "Petrov,N"]
[Result "0-1"]
[WhiteElo "2243"]
[BlackElo "2548"]

1.d4 Nf6 2.c4 c6 3.Nf3 d5 4.e3 Bg4 5.Qb3 Qb6 6.Nc3 e6 7.Nh4 Bh5 8.h3 g5 9.Nf3
h6 10.Ne5 Nfd7 11.Nd3 Bg6 12.h4 Bg7 13.Bd2 Na6 14.Rc1 Qxb3 15.axb3 dxc4
16.bxc4 e5 17.dxe5 Nac5 18.Nxc5 Nxc5 19.e4 Nb3 20.Rd1 Nxd2 21.Kxd2 Bxe5
22.hxg5 O-O-O+ 23.Ke3 hxg5 24.Rxh8 Rxh8 25.g3 Re8 26.Na4 Bc7 27.Rd4 b6 28.Bg2
g4 29.Rd1 Be5 30.f4 gxf3 31.Kxf3 Bh5+ 32.g4 Bg6 33.Re1 Rd8 34.Nc3 Rd2 35.Re2
Rd4 36.c5 b5 37.g5 Bh5+ {#R} 0-1

[Event "Silver Lake Open 2017"]
[Site "Veliko Gradiste SRB"]
[Date "2017.06.18"]
[Round "1.4"]
[White "Atalik,S"]
[Black "Vujacic,Bo"]
[Result "1-0"]
[WhiteElo "2525"]
[BlackElo "2239"]

1.Nf3 Nf6 2.c4 g6 3.Nc3 d5 4.cxd5 Nxd5 5.Qc2 Nc6 6.Qb3 Nb6 7.d4 Be6 8.Qd1 Bg7
9.e3 O-O 10.Be2 a5 11.O-O a4 12.Bd2 a3 13.b3 Bg4 14.h3 Bc8 15.Nb5 Bf5 16.Rc1
Qd7 17.Rc5 Rfd8 18.g4 Be4 19.Ng5 f5 20.Nxe4 fxe4 21.Qc2 e6 22.Qxe4 Nd5 23.Rfc1
Bf8 24.R5c2 Rac8 25.Rxc6 bxc6 26.Na7 Ra8 27.Nxc6 Re8 28.Ne5 Qg7 29.Bb5 Bd6
30.Bxe8 Rxe8 31.g5 c5 32.Ng4 cxd4 33.Rc8 Qd7 34.Rxe8+ Qxe8 35.Qxd4 Bf8 36.e4
Bg7 37.Qc5 {#r} 1-0

[Event "Silver Lake Open 2017"]
[Site "Veliko Gradiste SRB"]
[Date "2017.06.18"]
[Round "1.5"]
[White "Djokic,Neb"]
[Black "Nestorovic,N"]
[Result "0-1"]
[WhiteElo "2236"]
[BlackElo "2509"]

1.e4 e5 2.Nf3 Nc6 3.Bb5 Nge7 4.Nc3 d6 5.d4 a6 6.Ba4 b5 7.Bb3 Nxd4 8.Nxd4 exd4
9.Qf3 Be6 10.Ne2 c5 11.Bxe6 fxe6 12.Nf4 Qd7 13.Qh3 O-O-O 14.a4 b4 15.Nxe6 Re8
16.O-O Ng6 17.Qd3 Rxe6 18.f4 Qc6 19.c3 Rxe4 20.cxb4 c4 21.Qf3 d5 22.b5 Qd7
23.Bd2 Bc5 24.Rfc1 d3+ 25.Kh1 Nh4 26.Qh5 Nxg2 {#R} 0-1

[Event "Silver Lake Open 2017"]
[Site "Veliko Gradiste SRB"]
[Date "2017.06.18"]
[Round "1.7"]
[White "Sahil,Tic"]
[Black "Van Foreest,Lucas"]
[Result "1-0"]
[WhiteElo "2229"]
[BlackElo "2488"]

1.d4 d5 2.Bf4 Nf6 3.e3 c5 4.c3 Nc6 5.Nd2 e6 6.Ngf3 Bd6 7.Bg3 O-O 8.Bd3 b6 9.e4
Be7 10.e5 Nh5 11.Qe2 cxd4 12.Nxd4 Nxd4 13.cxd4 g6 14.O-O Bb7 15.Nf3 a6 16.Qe3
Nxg3 17.hxg3 Qd7 18.Rfe1 Rfc8 19.g4 a5 20.g5 Qd8 21.g3 a4 22.a3 b5 23.Kg2 b4
24.axb4 Rc4 25.Rh1 Rxb4 26.Qf4 h5 27.g4 Rb3 28.gxh5 Qf8 29.Rad1 Qg7 30.Rh3
Rxb2 31.Rdh1 Rf8 32.hxg6 fxg6 33.Rh8+ Qxh8 34.Rxh8+ Kxh8 35.Qh4+ Kg8 36.Bxg6
Rf7 37.Bxf7+ Kxf7 38.Qh5+ Kf8 39.g6 a3 40.Qh8# 1-0

[Event "Silver Lake Open 2017"]
[Site "Veliko Gradiste SRB"]
[Date "2017.06.18"]
[Round "1.8"]
[White "Minko,V"]
[Black "Markovic,Dr1"]
[Result "1-0"]
[WhiteElo "2438"]
[BlackElo "2225"]

1.e4 c6 2.Nc3 d5 3.Nf3 Bg4 4.h3 Bxf3 5.Qxf3 Nf6 6.d3 e6 7.a3 Nbd7 8.Be2 Bd6
9.O-O O-O 10.g3 Qc7 11.Qg2 d4 12.Nb1 e5 13.f4 b5 14.f5 Rfc8 15.g4 Ne8 16.Nd2
Nb6 17.g5 f6 18.Bh5 Be7 19.Nf3 Nd7 20.Kh1 fxg5 21.Bxe8 Rxe8 22.Rg1 Bf6 23.Bxg5
Re7 24.Qg3 Qd6 25.Rg2 Kh8 26.Rag1 Rf8 27.Bd2 Ref7 28.Qg4 Bd8 29.Qh5 Nf6 30.Qh4
Nd7 31.Bg5 Bf6 32.Qh5 Re7 33.Nh4 Kg8 34.Ng6 Bxg5 35.Nxe7+ Qxe7 36.Qxg5 Qxg5
37.Rxg5 Rf7 38.h4 Nf6 39.a4 b4 40.c3 dxc3 41.bxc3 c5 42.cxb4 cxb4 43.a5 Rd7
44.Rb1 Rd4 45.Kg2 h6 46.Rg3 Nh5 47.Rf3 Kf8 48.Kf2 Ke7 49.Ke3 Nf6 50.Rg3 {#r}
1-0

[Event "Silver Lake Open 2017"]
[Site "Veliko Gradiste SRB"]
[Date "2017.06.18"]
[Round "1.10"]
[White "Gazik,Viktor"]
[Black "Kiremitciyan,Ari"]
[Result "1-0"]
[WhiteElo "2460"]
[BlackElo "2210"]

1.Nf3 c5 2.g3 Nc6 3.Bg2 g6 4.O-O Bg7 5.e4 d6 6.c3 Bg4 7.d3 Nf6 8.Nbd2 O-O 9.h3
Bxf3 10.Nxf3 c4 11.Be3 cxd3 12.Qxd3 Nd7 13.Nd2 Nc5 14.Qe2 a6 15.f4 Na4 16.Nb3
Rc8 17.Rad1 Qc7 18.h4 b5 19.Rd2 b4 20.cxb4 Nxb4 21.Nd4 Qa5 22.a3 Nc6 23.Nxc6
Rxc6 24.e5 Rc7 25.Rd5 {#r} 1-0

[Event "Silver Lake Open 2017"]
[Site "Veliko Gradiste SRB"]
[Date "2017.06.18"]
[Round "1.11"]
[White "Michalicka,M"]
[Black "Christiansen,Johan-Sebastian"]
[Result "0-1"]
[WhiteElo "2210"]
[BlackElo "2458"]

1.d4 Nf6 2.c4 c5 3.d5 b5 4.cxb5 a6 5.bxa6 g6 6.Nc3 Bg7 7.e4 O-O 8.e5 Ne8 9.Nf3
d6 10.Bf4 Bxa6 11.Bxa6 Nxa6 12.O-O Nac7 13.Re1 Rb8 14.Qd2 Qd7 15.Rad1 Nb5
16.exd6 exd6 17.Bh6 Nxc3 18.bxc3 Qa4 19.Bxg7 Kxg7 20.h3 Nf6 21.Re2 Rb2 22.Qxb2
Qxd1+ 23.Re1 Qxd5 24.Nd2 c4 25.Nf1 Ra8 26.Ne3 Qc5 27.Rd1 d5 28.Rd2 Qa5 29.Qc2
Rb8 30.Kf1 Rb5 31.f3 Qb6 32.Kf2 Nh5 33.a4 Rb1 34.a5 Qb8 35.Nxd5 Qg3+ 36.Ke3
Qe5+ 37.Qe4 Re1+ {#R} 0-1

[Event "Silver Lake Open 2017"]
[Site "Veliko Gradiste SRB"]
[Date "2017.06.18"]
[Round "1.13"]
[White "Krstonijevic,S"]
[Black "Minko,V"]
[Result "1-0"]
[WhiteElo "2197"]
[BlackElo "2438"]

1.e4 c5 2.Nf3 e6 3.b3 a6 4.Bb2 d6 5.d4 cxd4 6.Nxd4 Nf6 7.Nd2 Nc6 8.Nxc6 bxc6
9.e5 dxe5 10.Bxe5 Qa5 11.Bb2 Bb4 12.a3 Bc3 13.Bxc3 Qxc3 14.Bd3 Qe5+ 15.Kf1 O-O
16.Nc4 Qg5 17.h4 Qc5 18.b4 Qe7 19.Qf3 e5 20.Re1 e4 21.Bxe4 Nxe4 22.Qxe4 Be6
23.h5 h6 24.Ne3 Rac8 25.Rh3 Qb7 26.Rg3 Qb5+ 27.Kg1 Qxh5 28.Qd4 g6 29.Qf6 Rce8
30.Rd1 Bf5 31.Qxf5 Qe2 32.Rd7 Re6 33.Rxf7 Rxf7 34.Qxe6 Qxf2+ 35.Kh2 g5 36.Rf3
Qh4+ 37.Kg1 Qe1+ 38.Rf1 {#r} 1-0

[Event "Silver Lake Open 2017"]
[Site "Veliko Gradiste SRB"]
[Date "2017.06.18"]
[Round "1.15"]
[White "Rajkovic,A"]
[Black "Radovanovic,Nik"]
[Result "0-1"]
[WhiteElo "2188"]
[BlackElo "2407"]

1.d4 Nf6 2.c4 g6 3.Nc3 Bg7 4.e4 d6 5.Nf3 O-O 6.Be2 Nbd7 7.h3 e5 8.Be3 exd4
9.Nxd4 Nc5 10.Qc2 Re8 11.f3 Nh5 12.O-O-O f5 13.Nxf5 gxf5 14.Bxc5 Qg5+ 15.Kb1
dxc5 16.g4 Ng3 17.Rhg1 Bxc3 18.bxc3 Nxe2 19.Qxe2 fxe4 20.f4 Qxf4 {#R} 0-1

[Event "Silver Lake Open 2017"]
[Site "Veliko Gradiste SRB"]
[Date "2017.06.18"]
[Round "1.16"]
[White "Tosic,M"]
[Black "Sahin,Oz"]
[Result "1-0"]
[WhiteElo "2405"]
[BlackElo "2164"]

1.e4 c5 2.Nc3 g6 3.Bc4 Nc6 4.f4 Bg7 5.Nf3 d6 6.O-O Nf6 7.d3 Bg4 8.h3 Bxf3
9.Qxf3 Nd4 10.Qf2 O-O 11.a4 a6 12.Nd5 e6 13.Nxf6+ Bxf6 14.c3 b5 15.Ba2 Nc6
16.f5 Kh8 17.Bh6 Bg7 18.Bxg7+ Kxg7 19.fxe6 fxe6 20.Qxf8+ Qxf8 21.Rxf8 Rxf8
22.axb5 axb5 23.Bxe6 Ne5 24.Rd1 Re8 25.Bd5 c4 26.dxc4 bxc4 27.Rd2 Rb8 28.Kf1
Nd3 29.b4 cxb3 30.Rxd3 b2 31.Ba2 b1=Q+ 32.Bxb1 Rxb1+ 33.Ke2 Rb2+ 34.Kf3 Rb6
35.Kf4 Kf6 36.Rxd6+ {#r} 1-0

[Event "Silver Lake Open 2017"]
[Site "Veliko Gradiste SRB"]
[Date "2017.06.19"]
[Round "2.1"]
[White "Petrov,N"]
[Black "Radovanovic,D"]
[Result "1-0"]
[WhiteElo "2548"]
[BlackElo "2337"]

1.d4 Nf6 2.c4 c5 3.d5 e6 4.Nc3 exd5 5.cxd5 g6 6.e4 d6 7.f4 Bg7 8.Bb5+ Nfd7
9.a4 O-O 10.Nf3 Na6 11.O-O Nb4 12.Be3 a6 13.Bc4 Re8 14.Bf2 Nb6 15.Nd2 Bd7
16.Be2 Rc8 17.h3 Qe7 18.Re1 Bd4 19.Nf3 Bxf2+ 20.Kxf2 Qf6 21.a5 Na8 22.Qd2 Nc7
23.Kg1 Bb5 24.e5 Qf5 25.Bxb5 Nxb5 26.Ne4 dxe5 27.fxe5 Rxe5 28.Nxe5 Qxe5 29.Kh1
Qd4 30.Qg5 Nd3 31.Rad1 c4 32.Qe7 Kg7 33.d6 Rc5 34.Rf1 {#r} 1-0

[Event "Silver Lake Open 2017"]
[Site "Veliko Gradiste SRB"]
[Date "2017.06.19"]
[Round "2.6"]
[White "Antova,Gabriela"]
[Black "Minko,V"]
[Result "0-1"]
[WhiteElo "2289"]
[BlackElo "2438"]

1.d4 Nf6 2.Nf3 e6 3.c4 d5 4.Nc3 c6 5.e3 Nbd7 6.Bd3 dxc4 7.Bxc4 b5 8.Bd3 b4
9.Ne4 Nxe4 10.Bxe4 Bb7 11.O-O Bd6 12.Bc2 O-O 13.e4 c5 14.Bg5 Be7 15.Bxe7 Qxe7
16.Qe2 Rfd8 17.Rfd1 g6 18.h3 cxd4 19.Rxd4 e5 20.Rd2 Nc5 21.Rad1 Rxd2 22.Rxd2
a5 23.Qe3 Kg7 24.a3 Bc6 25.Rd1 Rb8 26.Rc1 Ba8 27.axb4 Rxb4 28.Qc3 Nxe4 29.Bxe4
Bxe4 30.Nxe5 Qf6 31.Ra1 Rb5 32.Nc4 Qxc3 33.bxc3 Rg5 34.Ne3 Rc5 35.Kf1 f5 36.g3
g5 37.Ke2 f4 38.gxf4 gxf4 39.Nd1 Re5 40.h4 Bc6+ 41.Kd2 Bf3 42.c4 Re2+ 43.Kd3
Re1 44.Kd2 Rxd1+ 45.Rxd1 Bxd1 46.Kxd1 Kf6 47.Kc2 Ke5 48.Kc3 f3 49.Kd3 h5
50.Kc3 Ke4 {#R} 0-1

[Event "Silver Lake Open 2017"]
[Site "Veliko Gradiste SRB"]
[Date "2017.06.19"]
[Round "2.7"]
[White "Robulj,N"]
[Black "Gazik,Viktor"]
[Result "0-1"]
[WhiteElo "2281"]
[BlackElo "2460"]

1.e4 Nf6 2.e5 Nd5 3.d4 d6 4.Bc4 c6 5.Qe2 g6 6.h3 Bg7 7.Nf3 O-O 8.O-O b5 9.Bb3
a5 10.c3 Ba6 11.Qe4 dxe5 12.dxe5 Nd7 13.Bc2 e6 14.Re1 Bb7 15.Nbd2 c5 16.Qg4
Qc7 17.Qg3 Ne7 18.Qh4 Nf5 19.Bxf5 exf5 20.e6 Ne5 21.Nxe5 Bxe5 22.exf7+ Rxf7
23.Nf1 f4 24.Nh2 Bg7 25.Qg5 Rf5 26.Qe7 Qc6 27.f3 Rf7 28.Qh4 Qd6 29.Nf1 c4
30.Bd2 Qc5+ 31.Kh1 g5 32.Qh5 Raf8 33.Re2 Rf6 34.Rae1 Rh6 35.Qg4 Bc8 36.Re5
Qxe5 37.Rxe5 Bxg4 38.Rxg5 Bf5 39.Bxf4 Bd3 {#R} 0-1

[Event "Silver Lake Open 2017"]
[Site "Veliko Gradiste SRB"]
[Date "2017.06.19"]
[Round "2.8"]
[White "Christiansen,Johan-Sebastian"]
[Black "Gazik,I"]
[Result "1-0"]
[WhiteElo "2458"]
[BlackElo "2292"]

1.Nf3 Nf6 2.c4 d6 3.g3 e5 4.Bg2 c6 5.O-O Be7 6.Nc3 O-O 7.Qc2 Re8 8.d4 Bf8 9.e4
Bg4 10.Be3 Qc8 11.Rfd1 exd4 12.Bxd4 Nbd7 13.h3 Bxf3 14.Bxf3 Ne5 15.Bg2 Nxc4
16.Bxf6 gxf6 17.Ne2 Ne5 18.Nd4 c5 19.Nf5 Qe6 20.Rd5 Nc6 21.Qe2 Nb4 22.Qg4+ Kh8
23.Rxd6 Qxd6 24.Nxd6 Bxd6 25.Rd1 Rad8 26.f4 Nc2 27.e5 fxe5 28.Be4 Nd4 29.Qh4
Kg7 30.Qxh7+ Kf8 31.Bd5 Rd7 32.Rf1 exf4 33.Qh8+ Ke7 34.Re1+ Ne6 35.Qh4+ Kf8
36.Qh6+ {#r} 1-0

[Event "Silver Lake Open 2017"]
[Site "Veliko Gradiste SRB"]
[Date "2017.06.19"]
[Round "2.13"]
[White "Eric,J"]
[Black "Djordjevic,Vu"]
[Result "1-0"]
[WhiteElo "2243"]
[BlackElo "2390"]

1.e4 e6 2.d4 d5 3.Nc3 Bb4 4.Qd3 Ne7 5.Bd2 b6 6.Nge2 a5 7.Qg3 O-O 8.O-O-O Kh8
9.Bf4 Na6 10.a3 Bxc3 11.Nxc3 c6 12.Bd3 b5 13.exd5 exd5 14.Rhe1 Be6 15.Bg5 Qd7
16.Qh4 Ng6 17.Qg3 Bf5 18.h4 f6 19.h5 fxg5 20.hxg6 h6 21.Re5 Bxd3 22.Rxd3 b4
23.Nd1 Rf4 24.Rde3 bxa3 25.bxa3 Raf8 26.Re7 Qd8 27.Ra7 Qb6 28.Ree7 Rg8 29.Qh2
Rb8 30.Rab7 Qxb7 31.Rxb7 Rxb7 32.Qh3 Rb8 33.Ne3 Rxd4 34.Nf5 Rf4 35.Nxh6 Rh4
36.Nf7+ Kg8 37.Qe6 Nc5 38.Nh6+ Kh8 39.Qg8+ Rxg8 40.Nf7# 1-0

[Event "Silver Lake Open 2017"]
[Site "Veliko Gradiste SRB"]
[Date "2017.06.19"]
[Round "2.15"]
[White "Ivic,Velimir"]
[Black "Sahil,Tic"]
[Result "1-0"]
[WhiteElo "2370"]
[BlackElo "2229"]

1.e4 d5 2.exd5 Qxd5 3.Nc3 Qd6 4.d4 Nf6 5.Nf3 c6 6.Ne5 Nbd7 7.f4 Nb6 8.g4 Nbd5
9.Bg2 Be6 10.Na4 Rd8 11.Nc5 Bc8 12.O-O b6 13.Ncd3 e6 14.c4 Ne7 15.Be3 h5 16.h3
hxg4 17.hxg4 Bb7 18.Qe2 Qc7 19.Rae1 c5 20.dxc5 Ne4 21.Qc2 Ng3 22.Qa4+ {#r} 1-0

[Event "8th Dolomiti Open 2017"]
[Site "Forni di Sopra ITA"]
[Date "2017.06.13"]
[Round "4.2"]
[White "Rotstein,A"]
[Black "Vezzosi,P"]
[Result "1-0"]
[WhiteElo "2495"]
[BlackElo "2333"]

1.Nf3 Nf6 2.d4 c5 3.e3 g6 4.d5 Bg7 5.Nc3 O-O 6.Be2 d6 7.O-O Na6 8.e4 Nc7 9.a4
Rb8 10.Bf4 Nh5 11.Bg5 h6 12.Be3 a6 13.Qd2 Kh7 14.Rab1 Bd7 15.b4 b6 16.Rb3 e6
17.Rfb1 Rc8 18.bxc5 bxc5 19.a5 exd5 20.Nxd5 Bc6 21.Rb6 Bxd5 22.exd5 Ra8 23.c4
Re8 24.Bd3 Ra7 25.h3 Qd7 26.Rc6 Nf6 27.Bf4 Bf8 28.Rbb6 Ne4 29.Qc2 Qe7 30.Bxe4
Qxe4 31.Qxe4 Rxe4 32.Bxd6 Bxd6 33.Rxd6 Rxc4 34.Rd7 Rc1+ 35.Kh2 Kg8 36.d6 {#r}
1-0

[Event "8th Dolomiti Open 2017"]
[Site "Forni di Sopra ITA"]
[Date "2017.06.13"]
[Round "4.3"]
[White "Qendro,L"]
[Black "Stany,G"]
[Result "0-1"]
[WhiteElo "2328"]
[BlackElo "2489"]

1.d4 Nf6 2.c4 g6 3.Nc3 d5 4.Nf3 Bg7 5.Bg5 dxc4 6.e3 Be6 7.Ne5 Nd5 8.Nxc4 c5
9.Qa4+ Nc6 10.Ne5 O-O 11.Nxc6 bxc6 12.Nxd5 Bxd5 13.O-O-O cxd4 14.exd4 Qd6
15.Qa3 c5 16.dxc5 Bxb2+ 17.Kxb2 Qe5+ 18.Kc2 Qxg5 19.Qe3 Qf5+ 20.Kb2 Rab8+
21.Ka1 Qc2 {#R} 0-1

[Event "8th Dolomiti Open 2017"]
[Site "Forni di Sopra ITA"]
[Date "2017.06.13"]
[Round "4.5"]
[White "Anurag,M"]
[Black "Derakhshani,D"]
[Result "1-0"]
[WhiteElo "2466"]
[BlackElo "2321"]

1.Nf3 Nf6 2.g3 b6 3.Bg2 Bb7 4.O-O e6 5.b3 Be7 6.Bb2 O-O 7.c4 c5 8.d4 d5 9.cxd5
exd5 10.Nc3 Nbd7 11.Rc1 Rc8 12.Nh4 g6 13.dxc5 Nxc5 14.Nf3 Nfe4 15.Bh3 f5
16.Nb5 Qd7 17.Nbd4 Bf6 18.Rc2 a5 19.Qa1 Qg7 20.Qc1 Nd6 21.Rd1 Rfe8 22.Bg2 Re7
23.h4 Rec7 24.Qf4 Nde4 25.Rcc1 Ba6 26.Ba1 h6 27.h5 g5 28.Qxf5 g4 29.Nh2 Rf7
30.Qg6 Nxf2 31.Nf5 Qxg6 32.hxg6 Rff8 33.Bxd5+ Kh8 34.g7+ {#r} 1-0

[Event "8th Dolomiti Open 2017"]
[Site "Forni di Sopra ITA"]
[Date "2017.06.13"]
[Round "4.7"]
[White "Basso,Pier Luigi"]
[Black "Stelzer,H"]
[Result "1-0"]
[WhiteElo "2448"]
[BlackElo "2272"]

1.d4 d5 2.c4 c6 3.Nc3 Nf6 4.e3 a6 5.Qc2 g6 6.Bd3 Bg7 7.Nf3 Nbd7 8.O-O O-O 9.h3
b5 10.b3 Bb7 11.c5 Qc7 12.Bb2 Rae8 13.b4 e5 14.dxe5 Nxe5 15.Nxe5 Rxe5 16.a4
Ree8 17.axb5 axb5 18.Ne2 Ra8 19.Bd4 Nd7 20.Bxg7 Kxg7 21.Nd4 Qe5 22.Rxa8 Rxa8
23.Bxb5 cxb5 24.c6 Qc7 25.cxb7 Qxb7 26.Rc1 Ne5 27.Qc5 Kg8 28.Rd1 Rc8 29.Qxb5
Qxb5 30.Nxb5 Rb8 31.Rxd5 Nc6 32.Nc3 Rxb4 33.Rc5 Ne7 34.Rc7 Nf5 35.e4 Nd6 36.e5
Ne4 37.Nd5 Rb1+ 38.Kh2 Nxf2 39.Nf6+ Kg7 40.Ne8+ Kf8 41.Nd6 Nd3 42.Rxf7+ Kg8
43.e6 Rb8 44.e7 {#r} 1-0

[Event "8th Dolomiti Open 2017"]
[Site "Forni di Sopra ITA"]
[Date "2017.06.13"]
[Round "4.8"]
[White "Herbrechtsmeier,C"]
[Black "Bellia,F"]
[Result "0-1"]
[WhiteElo "2240"]
[BlackElo "2432"]

1.e4 c6 2.c4 d5 3.cxd5 cxd5 4.exd5 Nf6 5.Bb5+ Nbd7 6.Nc3 a6 7.Qa4 Rb8 8.Bxd7+
Bxd7 9.Qb3 b5 10.d3 b4 11.Bf4 Rc8 12.Ne4 Qa5 13.Nxf6+ exf6 14.Rc1 Rxc1+
15.Bxc1 Bd6 16.Ne2 O-O 17.Bd2 Rc8 18.a3 Ba4 19.axb4 Qb5 20.Qa3 Bc2 21.O-O Bxd3
22.Rc1 Rxc1+ 23.Nxc1 Bc4 24.Qa5 Qb8 25.h3 h5 26.b3 Bb5 27.Qa1 Bh2+ 28.Kh1 Be5
29.Bc3 Qd6 30.Qb2 Qxd5 31.Qd2 Qe4 32.f3 Qh4 33.Bxe5 fxe5 34.Ne2 Qf2 35.Qd8+
Kh7 36.Ng1 Bf1 37.Qg5 g6 38.Kh2 h4 39.f4 e4 40.f5 Qxf5 41.Qxh4+ Kg7 42.Qe1
Qf4+ 43.g3 Qf5 44.Qe3 g5 45.h4 f6 46.Kh1 Kg6 47.hxg5 fxg5 48.Qe1 Kf7 {#R} 0-1

[Event "8th Dolomiti Open 2017"]
[Site "Forni di Sopra ITA"]
[Date "2017.06.13"]
[Round "5.4"]
[White "Bellia,F"]
[Black "Korneev,O"]
[Result "0-1"]
[WhiteElo "2432"]
[BlackElo "2569"]

1.e4 c5 2.Nf3 e6 3.d4 cxd4 4.Nxd4 a6 5.c4 Nf6 6.Nc3 Qc7 7.a3 b6 8.Be3 Bb7 9.f3
d6 10.Be2 Be7 11.O-O O-O 12.Rc1 Nbd7 13.b4 Rac8 14.Qd2 Qb8 15.Rfd1 Bd8 16.b5
a5 17.Na4 Nc5 18.Nxc5 dxc5 19.Nc2 Bc7 20.g3 Bxg3 21.hxg3 Qxg3+ 22.Kf1 Ng4
23.Bg1 f5 24.e5 Qh3+ 25.Ke1 Qg2 26.Qg5 Qxg1+ 27.Kd2 Qg3 28.Kc3 Qxe5+ 29.Kb3
a4+ {#R} 0-1

[Event "8th Dolomiti Open 2017"]
[Site "Forni di Sopra ITA"]
[Date "2017.06.13"]
[Round "5.7"]
[White "Vezzosi,P"]
[Black "Mufic,Go"]
[Result "0-1"]
[WhiteElo "2333"]
[BlackElo "2247"]

1.c4 e6 2.Nc3 d5 3.d4 Nf6 4.Bg5 Nbd7 5.e3 c6 6.Qc2 Qa5 7.Nf3 Bb4 8.Nd2 dxc4
9.Bxf6 Nxf6 10.Nxc4 Bxc3+ 11.bxc3 Qc7 12.e4 b5 13.e5 bxc4 14.exf6 gxf6 15.Bxc4
Qa5 16.O-O Ba6 17.Bxa6 Qxa6 18.Rfe1 Qa5 19.Re3 Rb8 20.Rae1 Qd5 21.Rf3 Rg8
22.Qxh7 Ke7 23.Qf5 Qxf5 24.Rxf5 Rg5 25.Rxg5 fxg5 26.g3 f6 27.Re2 Rb1+ 28.Kg2
Rc1 29.Re3 Ra1 30.h4 gxh4 31.gxh4 Rxa2 32.h5 Ra5 33.Rh3 Kf7 34.h6 Kg8 35.h7+
Kh8 36.f4 c5 37.Rh6 cxd4 38.cxd4 Rf5 39.Kf3 a5 40.Ke4 a4 41.d5 Rxd5 42.Rxf6
Ra5 {#R} 0-1

[Event "8th Dolomiti Open 2017"]
[Site "Forni di Sopra ITA"]
[Date "2017.06.13"]
[Round "5.11"]
[White "Stelzer,H"]
[Black "Denoyelle,A"]
[Result "0-1"]
[WhiteElo "2272"]
[BlackElo "2188"]

1.e4 c5 2.Nf3 Nc6 3.d4 cxd4 4.Nxd4 d5 5.Nxc6 bxc6 6.exd5 Qxd5 7.Qxd5 cxd5
8.Nc3 e6 9.Bb5+ Bd7 10.Bxd7+ Kxd7 11.O-O Be7 12.Bf4 Bf6 13.Ne2 Ne7 14.c3 a5
15.b3 Rhc8 16.Rfc1 a4 17.Bd2 Nf5 18.Kf1 Nd6 19.f3 Nb5 20.Rab1 axb3 21.axb3 Ra2
22.Ke1 Na3 23.b4 Nxb1 24.Rxb1 Rca8 25.Nc1 Ra1 26.Rb2 {#R} 0-1

[Event "8th Dolomiti Open 2017"]
[Site "Forni di Sopra ITA"]
[Date "2017.06.15"]
[Round "7.4"]
[White "Matamoros Franco,C"]
[Black "Denoyelle,A"]
[Result "1-0"]
[WhiteElo "2478"]
[BlackElo "2188"]

1.Nf3 g6 2.g3 Bg7 3.d4 d6 4.c4 Nc6 5.Bg2 e5 6.dxe5 dxe5 7.Qxd8+ Nxd8 8.Nc3 c6
9.Ne4 Ne6 10.b3 f5 11.Nd6+ Kd7 12.Nf7 e4 13.N3e5+ Ke8 14.Bb2 Nc5 15.O-O-O Nd7
16.Nd6+ Kf8 17.Nef7 Ndf6 18.f3 e3 19.Rd3 f4 20.gxf4 Nh5 21.Nxh8 Nxf4 22.Rxe3
{#r} 1-0

[Event "8th Dolomiti Open 2017"]
[Site "Forni di Sopra ITA"]
[Date "2017.06.15"]
[Round "7.5"]
[White "Bellia,F"]
[Black "Mufic,Go"]
[Result "1-0"]
[WhiteElo "2432"]
[BlackElo "2247"]

1.e4 e6 2.d4 d5 3.Nd2 dxe4 4.Nxe4 Bd7 5.Nf3 Bc6 6.Bd3 Nd7 7.O-O Ngf6 8.Ned2
Bxf3 9.Nxf3 c5 10.Be3 Qc7 11.Qe2 Bd6 12.g3 O-O 13.c3 Rfe8 14.Rfe1 e5 15.dxe5
Nxe5 16.Nxe5 Rxe5 17.Qf3 Rae8 18.Bc4 Re4 19.Bd2 Qc6 20.Rxe4 Rxe4 21.Bf1 Be7
22.Bg2 Qe6 23.Qd1 Re5 24.Bf4 Re2 25.Bd2 c4 26.Bf3 Re5 27.Be3 h5 28.Bd4 Rb5
29.Qd2 Qf5 30.a4 Ra5 31.Bxb7 Qd7 32.Bg2 Rxa4 33.Qd1 Rxa1 34.Qxa1 Qf5 35.Bxa7
Bc5 36.Bxc5 Qxc5 37.Qa8+ Kh7 38.Qc6 Qa7 39.Qb7 Qa1+ 40.Bf1 Kg6 41.Kg2 Qa4
42.h4 {#r} 1-0